İzmir'in İlçeleri - Statistics

General Stats
  • This quiz has been taken 185 times
  • The average score is 19 of 30
Answer Stats
Answer % Correct
Karşıyaka
90%
Çeşme
87%
Bornova
83%
Konak
82%
Buca
77%
Menemen
76%
Urla
72%
Aliağa
71%
Bergama
70%
Foça
66%
Selçuk
66%
Balçova
64%
Kiraz
64%
Bayraklı
63%
Çiğli
63%
Karabağlar
63%
Torbalı
63%
Tire
62%
Güzelbahçe
61%
Ödemiş
61%
Gaziemir
58%
Menderes
56%
Seferihisar
56%
Kemalpaşa
53%
Dikili
52%
Narlıdere
52%
Karaburun
51%
Bayındır
47%
Kınık
45%
Beydağ
36%
No matching quizzes found
Score Distribution
Percent of People with Each Score
Percentile by Number Answered
Your Score History
You have not taken this quiz